000 00970cam a2200277I 4500
001 7382
003 BD-RjUL
005 20211208234415.0
008 130114s1962 maua 000 0 enge
035 _aMITb10184023
035 _a(OCoLC)00529621
_a(BD-RjUL)7425
035 _aGLIS00184023
040 _aDLC
_cWSU
_dOCL
_dSER
_dMYG
_dBD-RjUL
_beng
041 1 _aeng
_hrus
082 0 4 _218
_a515.35
_bPOO 1962
090 _aQA372
_b.P818
099 _aQA372.P818
100 1 _aPontryagin, L. S.
_q(Lev Semenovich),
_d1908-1988.
_923065
245 1 0 _aOrdinary differential equations /
_c L S Pontryagin; Translated from the Russian by Leonas Kacinskas and Walter B. Counts.
260 _aReading, Mass. :
_bAddison-Wesley Pub. Co.,
_cc1962.
300 _avi, 298 p. :
_billus. ;
_c24 cm.
490 1 _aAdiwes international series in mathematics
650 0 _aDifferential equations.
_923066
830 0 _aAdiwes international series in mathematics.
_9154049
942 _2ddc
_cBK
999 _c7382
_d7382